BIBLIOTHÈQUE DE LA MAISON DU MEXIQUE

Logo 1 Logo 2

Pepita Jiménez y Juanita la larga (notice nᵒ 11885)

détails MARC
000 -Sello discográfico
campo de control de longitud fija 00918nam a2200289 4500
005 - Identificación de versión
campo de control 20251016084829.0
035 ## - Otros números de control del sistema
Número de control del sistema 6930
099 ## - fechas locales
Tipo de ítem Koha LIBRO
100 ## - Datos de procesamiento general
Datos de procesamiento general 20041004d1966 m y1spay5003 ba
105 ## - Campo de datos codificados: Material textual, monográfico
Datos codificados de monografía y 001ay
200 1# - Título y mención de responsabilidad
Título propio Pepita Jiménez y Juanita la larga
Designación general del material texto impreso
Primer mención de responsabilidad Juan Valera
Declaración de responsabilidad subsiguiente prólogo Juana de Ontañón
205 ## - Declaración de edición
Declaración de edición 1a ed
210 ## - Publicación, distribución, etc.
Lugar de publicación, distribución, etc. México
Nombre del editor, distribuidor, etc. Editorial Porrúa
Fecha de publicación, distribución, etc. 1966
215 ## - Descripción física
Designación de material específico y extensión del ítem XLVI, 222 p
Dimensiones 22 cm
345 ## - Nota de información de adquisición
Fuente de adquisición/dirección de la suscripción [OBSOLETO] Donación
410 #1 - Series
Título Colección "Sepan Cuantos ..."
Número de volumen 56
606 ## - Término temático usado como materia
Elemento de entrada Novela española
Subdivisión cronológica Siglo XIX
Número Koha 2541
700 ## - Nombre personal - Responsabilidad primaria
Elemento de entrada Valera y Alcalá Galiano
Parte del nombre distinta del elemento de entrada Juan
Adiciones a los nombres que no sean fechas 1824-1905
Número Koha 18429
702 ## - Nombre personal - Responsabilidad secundaria
Elemento de entrada Ontañón y Valiente
Parte del nombre distinta del elemento de entrada Juana
Fechas 1886-1972
Número Koha 13699
801 #0 - Fuente de origen
Agencia cm
900 ## -
-- 1/8250
900 ## -
-- 7100420016\041004
942 ## - ELEMENTOS DE ENTRADA SECUNDARIOS (KOHA)
Tipo de ítem Koha Livre
996 ## -
-- MEX
-- 751145101
-- MMAG
-- 012346
-- 080 S479 V.56
-- 20250204LIV
Exemplaires
Estatus retirado Estado de daño Estado de pérdida Fecha de adquisición Biblioteca de origen Biblioteca actual Ubicación en estantería Código de barras Precio de reemplazo Signatura topográfica completa No para préstamo Tipo de ítem Koha Nota pública Nota no pública
      05/08/2025 Casa México Paris Casa México Paris   012346 05/08/2025 080 S479 V.56   Livre 20250204LIV 751145101